000 00735nam a2200241Ia 4500
003 GCL
008 140319s9999 xx 000 0 ara d
040 _aGCL /
_cGCL
082 0 4 _a160
_bا م
100 1 _aامام عبدالفتاح امام
245 1 0 _aمحاضرات فى المنطق /
_cامام عبدالفتاح امام
700 1 _aامام عبدالفتاح
260 _a[S.N] :
_bدار الثقافة للنشر والتوزيع ،
_c1992
300 _a275
490 _a
650 0 4 _aالفروض
650 0 4 _aالمنطق
650 0 4 _aالاستدلال
650 0 4 _aالمنطق الصورى
650 0 4 _aالمنطق الاستدلالى
650 0 4 _aالافتراضات
942 _2ddc
_cBK
999 _c30765
_d30765